Online
Catalog

Prosa y poesía / (Record no. 2988)

MARC details
000 -CABECERA
campo de control de longitud fija 00962cam a2200253 a 4500
001 - NÚMERO DE CONTROL
campo de control 000003157
005 - FECHA Y HORA DE LA ÚLTIMA TRANSACCIÓN
campo de control 20200929150339.0
008 - DATOS DE LONGITUD FIJA--INFORMACIÓN GENERAL
campo de control de longitud fija 730529s1984 ag 001 p spa
040 ## - FUENTE DE LA CATALOGACIÓN
Centro catalogador/agencia de origen DO-SdBNP
Lengua de catalogación spa
Centro/agencia transcriptor BNPHU
082 ## - NÚMERO DE LA CLASIFICACIÓN DECIMAL DEWEY
Número de clasificación 860.44
Número de documento/Ítem P966p
240 04 - TÍTULO UNIFORME
Título uniforme The american transcendentalists.
Lenguaje de la obra Español
245 00 - MENCIÓN DE TÍTULO
Título Prosa y poesía /
Mención de responsabilidad, etc. Thoreau, emersón, fuller y otros; compilación y prólogo, Perry Miller.
260 ## - PUBLICACIÓN, DISTRIBUCIÓN, ETC.
Lugar de publicación, distribución, etc. Buenos Aires :
Nombre del editor, distribuidor, etc. Corregidor,
Fecha de publicación, distribución, etc. 1984.
300 ## - DESCRIPCIÓN FÍSICA
Extensión 341 p. ;
Dimensiones 20 cm.
534 ## - NOTA SOBRE LA VERSIÓN ORIGINAL
Encabezamiento principal del original Título de la obra en Inglés: Their prose and poetry
Mención de título del original The american transcendentalists.
650 #4 - PUNTO DE ACCESO ADICIONAL DE MATERIA--TÉRMINO DE MATERIA
Término de materia o nombre geográfico como elemento de entrada Literatura américana
Subdivisión geográfica Nueva Inglaterra
9 (RLIN) 9965
650 #4 - PUNTO DE ACCESO ADICIONAL DE MATERIA--TÉRMINO DE MATERIA
Término de materia o nombre geográfico como elemento de entrada Literatura américana
Subdivisión cronológica 19th SIGLO
9 (RLIN) 9966
650 #4 - PUNTO DE ACCESO ADICIONAL DE MATERIA--TÉRMINO DE MATERIA
Término de materia o nombre geográfico como elemento de entrada Trascendentalismo (nueva inglaterra)
9 (RLIN) 9967
651 #4 - PUNTO DE ACCESO ADICIONAL DE MATERIA--NOMBRE GEOGRÁFICO
Nombre geográfico Nueva Inglaterra
Subdivisión general Colecciones De Obras Literarias
9 (RLIN) 9968
700 1# - PUNTO DE ACCESO ADICIONAL--NOMBRE DE PERSONA
Nombre de persona Thoreau
9 (RLIN) 9969
700 1# - PUNTO DE ACCESO ADICIONAL--NOMBRE DE PERSONA
Nombre de persona Emerson
9 (RLIN) 9970
700 1# - PUNTO DE ACCESO ADICIONAL--NOMBRE DE PERSONA
Nombre de persona Fuller
9 (RLIN) 9971
700 1# - PUNTO DE ACCESO ADICIONAL--NOMBRE DE PERSONA
Nombre de persona Miller, Perry,
Término indicativo de función/relación comp.
9 (RLIN) 9972
Holdings
Estado de retiro Estado de pérdida Restricciones de uso No para préstamo Código de colección Localización permanente Ubicación/localización actual Ubicación en estantería Fecha de adquisición Número de inventario Total de préstamos Signatura topográfica completa Código de barras Fecha visto por última vez Precio válido a partir de Tipo de ítem Koha
    Préstamo interno   Monografías: Libros y Folletos General General En catalogación 06.07.2009 LF1   860.44 P966p 3157-10 25.06.2020 25.06.2020 Préstamo interno

Powered by Koha